[Event "XIII Festival Marco Gerolamo Vida B"]
[Site "Vescovato ITA"]
[Date "2014.04.27"]
[Round "5"]
[White "Maffeo, Mauro"]
[Black "Pagani, Fausto"]
[WhiteElo "1746"]
[BlackElo "1478"]
[Result "0-1"]
[PlyCount "120"]
[EventDate "2014.04.25"]

1. d4 d5 2. e3 Nf6 3. f4 g6 4. Bd3 Bg7 5. Nf3 Bg4 6. Nbd2 e6 7. O-O O-O 8. b3
Nbd7 9. Bb2 Re8 10. Qe1 Bf5 11. Qg3 Nh5 12. Qf2 Bxd3 13. cxd3 Nhf6 14. Qg3 Nh5
15. Qh3 f5 16. Ne5 Nxe5 17. fxe5 Qg5 18. Qf3 Rf8 19. Qe2 Bh6 20. Rf3 Rac8 21.
Rc1 c6 22. Ba3 Rf7 23. Bd6 b6 24. Kh1 Bf8 25. Bxf8 Rfxf8 26. b4 a5 27. a3 axb4
28. axb4 Qe7 29. Rb1 Ra8 30. Nf1 Ra4 31. Rc1 Rc8 32. h3 Rxb4 33. Nh2 Qh4 34.
Qa2 Qd8 35. Qa3 Rb5 36. Qc3 Ra5 37. e4 fxe4 38. dxe4 dxe4 39. Rff1 Qe7 40. Ng4
Ra3 41. Nf6+ Nxf6 42. exf6 Rxc3 43. fxe7 Rxc1 44. Rxc1 Kf7 45. Re1 Kxe7 46.
Rxe4 Ra8 47. Kh2 Ra4 48. Rh4 h5 49. g4 hxg4 50. Rxg4 Rc4 51. Rxg6 Rxd4 52. Rg7+
Kd6 53. Rg8 c5 54. Kg3 Ke7 55. h4 Kf6 56. h5 Kf7 57. Rg6 c4 58. Rh6 c3 59. Rh8
c2 60. Rc8 Rd2 0-1

[Event "XIII Festival Marco Gerolamo Vida B"]
[Site "Vescovato ITA"]
[Date "2014.04.27"]
[Round "5"]
[White "Maraschi, Alberto"]
[Black "Plucani, Germano"]
[WhiteElo "1318"]
[BlackElo "1410"]
[Result "0-1"]
[PlyCount "80"]
[EventDate "2014.04.25"]

1. e4 b6 2. Nf3 Bb7 3. Nc3 e6 4. Bb5 a6 5. Ba4 b5 6. Bb3 Nf6 7. e5 Nd5 8. O-O
Be7 9. d4 O-O 10. Ne2 c5 11. c3 cxd4 12. Nexd4 Nc6 13. a4 Nxd4 14. Qxd4 d6 15.
Qg4 dxe5 16. Bh6 Bf6 17. Nxe5 Bxe5 18. f4 Ne3 19. Qg3 Nxf1 20. Rxf1 Bf6 21. Bc2
Qe7 22. Qd3 Qc5+ 23. Kh1 Qf5 24. Qe2 Qh3 25. Bg5 Bxg5 26. fxg5 Bxg2+ 27. Qxg2
Qxg2+ 28. Kxg2 Rad8 29. Rf2 g6 30. axb5 axb5 31. b4 Rd6 32. Kg3 Rfd8 33. Be4
Kf8 34. h4 R6d7 35. Kg4 Rc7 36. h5 Rxc3 37. Rf4 gxh5+ 38. Kxh5 Kg7 39. Rf6 Rd4
40. Bxh7 Rh3# 0-1

[Event "XIII Festival Marco Gerolamo Vida B"]
[Site "Vescovato ITA"]
[Date "2014.04.27"]
[Round "5"]
[White "Molinelli, Luigi"]
[Black "Gallani, Angelo"]
[WhiteElo "1271"]
[BlackElo "1476"]
[Result "0-1"]
[PlyCount "60"]
[EventDate "2014.04.25"]

1. d4 d5 2. Nf3 e6 3. Bf4 Nc6 4. Nbd2 Bb4 5. c3 Ba5 6. e3 a6 7. Bd3 Nge7 8. h3
Ng6 9. Bh2 f6 10. Qe2 O-O 11. Nb3 b6 12. Nxa5 Nxa5 13. b4 Nc6 14. O-O e5 15.
Bc2 e4 16. Nd2 f5 17. Bb3 Be6 18. a4 Nce7 19. Rfc1 f4 20. Qe1 f3 21. gxf3 exf3
22. Qf1 Qd7 23. Bd1 Bxh3 24. Qe1 Qg4+ 25. Bg3 Nh4 26. e4 Ng2 27. Nxf3 Nxe1 28.
Nxe1 Qxe4 29. f3 Qg6 30. Kf2 Nf5 0-1

[Event "XIII Festival Marco Gerolamo Vida B"]
[Site "Vescovato ITA"]
[Date "2014.04.27"]
[Round "5"]
[White "Zordan, Giovanni"]
[Black "Mantovani, Celso"]
[WhiteElo "1691"]
[BlackElo "1026"]
[Result "1-0"]
[PlyCount "103"]
[EventDate "2014.04.25"]

1. c4 Nc6 2. Nf3 d6 3. d4 b6 4. e4 g6 5. d5 Ne5 6. Nxe5 dxe5 7. b4 Nf6 8. f3
Bg7 9. Bd3 a5 10. b5 Nd7 11. Nd2 O-O 12. Nb3 e6 13. O-O a4 14. Ba3 Re8 15. Nc1
Bh6 16. Ne2 Qh4 17. Qe1 Qf6 18. Nc3 Bb7 19. Bc2 Bg5 20. Nxa4 Rec8 21. Bc1 Qe7
22. Bxg5 Qxg5 23. h4 Qe7 24. g4 Kg7 25. f4 Qa3 26. Qc3 Qe7 27. g5 exd5 28. cxd5
Kg8 29. f5 Qd6 30. Nb2 Ra5 31. a4 Nc5 32. Nc4 Nxe4 33. Bxe4 Qc5+ 34. Kh2 Raa8
35. fxg6 fxg6 36. Qd3 Rf8 37. Nxe5 Qd6 38. Rxf8+ Rxf8 39. Qd4 Bc8 40. Kg2 Bf5
41. Nc6 Re8 42. Bxf5 Re2+ 43. Kf3 Re8 44. Be6+ Rxe6 45. dxe6 Qf8+ 46. Qf6 Qxf6+
47. gxf6 h5 48. f7+ Kg7 49. Ne5 Kf6 50. Nxg6 Kxe6 51. f8=Q Kd5 52. Qd8+ 1-0

[Event "XIII Festival Marco Gerolamo Vida B"]
[Site "Vescovato ITA"]
[Date "2014.04.27"]
[Round "6"]
[White "Bettini, Alessandro"]
[Black "Maffeo, Mauro"]
[WhiteElo "1752"]
[BlackElo "1746"]
[Result "1-0"]
[PlyCount "45"]
[EventDate "2014.04.25"]

1. d4 e6 2. Nf3 f5 3. g3 Nf6 4. Bg2 c6 5. c4 Be7 6. Nc3 d5 7. b3 Bb4 8. Bb2 Ne4
9. Qc2 Qa5 10. Rc1 dxc4 11. O-O Bxc3 12. Bxc3 Nxc3 13. Qxc3 Qxc3 14. Rxc3 cxb3
15. Rxb3 O-O 16. Ne5 Na6 17. Rc1 f4 18. Be4 fxg3 19. hxg3 Rd8 20. e3 Bd7 21.
Rxb7 Bc8 22. Rb3 Rb8 23. Nxc6 1-0

[Event "XIII Festival Marco Gerolamo Vida B"]
[Site "Vescovato ITA"]
[Date "2014.04.27"]
[Round "6"]
[White "Cecchini, Massimo S."]
[Black "Borghi, Dario"]
[WhiteElo "1749"]
[BlackElo "1747"]
[Result "0-1"]
[PlyCount "72"]
[EventDate "2014.04.25"]

1. Nf3 Nf6 2. c4 g6 3. d4 Bg7 4. Nc3 d6 5. e4 Nbd7 6. b4 O-O 7. Be2 c5 8. bxc5
dxc5 9. d5 Nxe4 10. Nxe4 Bxa1 11. Bh6 Bg7 12. Qd2 b6 13. h4 Nf6 14. Nxf6+ exf6
15. h5 g5 16. Bxg7 Kxg7 17. h6+ Kg8 18. Bd3 Qe8+ 19. Kf1 Qe7 20. Qc2 f5 21. g4
f6 22. gxf5 Bd7 23. Rg1 Rf7 24. Nh4 Qf8 25. f4 Qxh6 26. Qh2 Rg7 27. fxg5 fxg5
28. Qe5 Qxh4 29. d6 Qf4+ 30. Qxf4 gxf4 31. Rh1 Rf8 32. Rh5 Rf6 33. Be4 Rxd6 34.
Kf2 h6 35. Rh4 Rg5 36. Rxf4 Rf6 0-1

[Event "XIII Festival Marco Gerolamo Vida B"]
[Site "Vescovato ITA"]
[Date "2014.04.27"]
[Round "6"]
[White "Frignani, Alessandro"]
[Black "Folcini, Gaddo"]
[WhiteElo "1409"]
[BlackElo "1620"]
[Result "0-1"]
[PlyCount "82"]
[EventDate "2014.04.25"]

1. e4 e5 2. Bc4 d5 3. Bxd5 Nf6 4. Qf3 Nc6 5. Ne2 Bg4 6. Qb3 Nxd5 7. Qxd5 Bxe2
8. Qxd8+ Rxd8 9. Kxe2 Nd4+ 10. Kd1 Bc5 11. f3 O-O 12. c3 Nc6 13. Ke2 f5 14. b4
Bb6 15. Rf1 fxe4 16. fxe4 Rxf1 17. Kxf1 Rf8+ 18. Ke1 Rf2 19. g4 Rxh2 20. g5
Rh1+ 21. Ke2 Rxc1 22. a4 a6 23. d3 Ne7 24. Kd2 Rg1 25. Kc2 Ng6 26. c4 Bd4 27.
Ra3 Rg2+ 28. Kd1 Bb2 29. Rb3 Nf4 30. Na3 Bd4 31. a5 Ne2 32. Nb1 Nf4 33. b5 Ne6
34. bxa6 bxa6 35. Rb8+ Kf7 36. Ra8 Rb2 37. Nd2 Bc3 38. Nf3 Rf2 39. Nh4 Rd2+ 40.
Kc1 Nd4 41. Rxa6 Rh2 0-1

[Event "XIII Festival Marco Gerolamo Vida B"]
[Site "Vescovato ITA"]
[Date "2014.04.27"]
[Round "6"]
[White "Gallani, Angelo"]
[Black "Mantovani, Celso"]
[WhiteElo "1476"]
[BlackElo "1026"]
[Result "0-1"]
[PlyCount "88"]
[EventDate "2014.04.25"]

1. d4 e6 2. c4 Nf6 3. Nf3 d6 4. Bg5 Be7 5. Nc3 c6 6. e3 Qc7 7. Bd3 e5 8. O-O
Bg4 9. h3 Bh5 10. Re1 Bg6 11. Bxg6 fxg6 12. Qc2 Nbd7 13. Nd2 Nf8 14. Bxf6 gxf6
15. dxe5 dxe5 16. f4 b6 17. Rf1 Nd7 18. f5 g5 19. e4 Bc5+ 20. Kh1 O-O-O 21. Nb3
Be3 22. Rad1 h5 23. Rf3 Bf4 24. g3 a5 25. Rfd3 Rh7 26. Kg2 Rg7 27. Nd2 Nc5 28.
Rxd8+ Qxd8 29. Nf1 Qg8 30. Rd6 Kc7 31. Qd1 Qa8 32. Rxf6 Rd7 33. Qxh5 Bxg3 34.
Qxg5 Bf4 35. Qg4 Kb7 36. Rg6 Qc8 37. Rg7 Qd8 38. Rxd7+ Qxd7 39. Qg6 Kc7 40. f6
Qe6 41. Qg7+ Nd7 42. Qe7 Qxc4 43. f7 Qb4 44. Kf3 Qxe7 0-1

[Event "XIII Festival Marco Gerolamo Vida B"]
[Site "Vescovato ITA"]
[Date "2014.04.27"]
[Round "6"]
[White "Grudina, Marco"]
[Black "Maraschi, Alberto"]
[WhiteElo "1769"]
[BlackElo "1318"]
[Result "1-0"]
[PlyCount "147"]
[EventDate "2014.04.25"]

1. e4 c6 2. d4 d5 3. Nc3 dxe4 4. Nxe4 Bf5 5. Ng3 Bg6 6. h4 h6 7. Nf3 e6 8. Ne5
Bh7 9. Bc4 Nf6 10. Be3 Bd6 11. Qe2 Nbd7 12. f4 Nd5 13. Bxd5 cxd5 14. Nxd7 Qxd7
15. Nh5 O-O 16. Qg4 Bg6 17. Nf6+ gxf6 18. h5 f5 19. Qg3 Kh7 20. hxg6+ fxg6 21.
Qh3 h5 22. g4 fxg4 23. Qxg4 Rg8 24. O-O-O Kg7 25. Rxh5 Rh8 26. Rdh1 Rxh5 27.
Rxh5 Rh8 28. Rxh8 Kxh8 29. Qxg6 Qe7 30. Qh6+ Kg8 31. Kd2 b5 32. Ke2 a5 33. Kf3
Qf7 34. Kg4 Bf8 35. Qg5+ Bg7 36. f5 exf5+ 37. Qxf5 Qe7 38. Qxd5+ Kf8 39. Qf5+
Bf6 40. Bh6+ Ke8 41. Qxb5+ Kf7 42. Qh5+ Kg8 43. Qd5+ Kh7 44. Bf4 Qg7+ 45. Kf3
Bxd4 46. c3 Bb6 47. Qf5+ Kg8 48. Qg5 Qxg5 49. Bxg5 Kf7 50. Ke4 Ke6 51. Be3 Bd8
52. Kd3 Be7 53. Kc4 Bd8 54. Kb5 Kd6 55. Bb6 Bg5 56. Bxa5 Bc1 57. b3 Bb2 58. Kb6
Kd7 59. Kb7 Kd6 60. Bb4+ Kd5 61. a4 Bc1 62. a5 Be3 63. a6 Ke4 64. Ba5 Kd3 65.
b4 Kxc3 66. b5+ Kc4 67. b6 Kb5 68. a7 Kxa5 69. a8=Q+ Kb5 70. Qe8+ Kc4 71. Qxe3
Kb5 72. Kc7 Ka6 73. b7 Ka5 74. b8=Q 1-0

[Event "XIII Festival Marco Gerolamo Vida B"]
[Site "Vescovato ITA"]
[Date "2014.04.27"]
[Round "6"]
[White "Molinelli, Luigi"]
[Black "Bettini, Sofia"]
[WhiteElo "1271"]
[BlackElo "1302"]
[Result "1/2-1/2"]
[PlyCount "32"]
[EventDate "2014.04.25"]

1. d4 d5 2. Nf3 c6 3. h3 Nf6 4. Bf4 Bf5 5. Nbd2 Nbd7 6. c4 e6 7. cxd5 exd5 8.
Rc1 Be7 9. e3 O-O 10. Be2 Qb6 11. Qb3 Qxb3 12. axb3 Ne4 13. O-O Nxd2 14. Nxd2
Nf6 15. Nf3 Nd7 16. Ne5 Nxe5 1/2-1/2

[Event "XIII Festival Marco Gerolamo Vida B"]
[Site "Vescovato ITA"]
[Date "2014.04.27"]
[Round "6"]
[White "Pagani, Fausto"]
[Black "Calvi, Luca"]
[WhiteElo "1478"]
[BlackElo "1769"]
[Result "1/2-1/2"]
[PlyCount "53"]
[EventDate "2014.04.25"]

1. d4 Nf6 2. c4 c5 3. d5 e6 4. Nc3 exd5 5. Nxd5 Nxd5 6. cxd5 d6 7. e4 g6 8.
Bb5+ Bd7 9. Bxd7+ Nxd7 10. Ne2 Bg7 11. Nc3 O-O 12. O-O a6 13. Qc2 b5 14. a3 Rc8
15. Qd3 Re8 16. Rb1 c4 17. Qc2 Nc5 18. Be3 Nd3 19. f3 Qf6 20. Ne2 Qd8 21. Bd4
Bxd4+ 22. Nxd4 Qb6 23. Qc3 a5 24. b4 axb4 25. axb4 Ra8 26. Kh1 Ra2 27. h3
1/2-1/2

[Event "XIII Festival Marco Gerolamo Vida B"]
[Site "Vescovato ITA"]
[Date "2014.04.27"]
[Round "6"]
[White "Pedoni, Lorenzo"]
[Black "De Paoli, Emilio"]
[WhiteElo "1719"]
[BlackElo "1780"]
[Result "1-0"]
[PlyCount "127"]
[EventDate "2014.04.25"]

1. d4 Nf6 2. c4 g6 3. Nc3 d5 4. Nf3 Bg7 5. Bf4 c6 6. h3 Qb6 7. Qb3 dxc4 8. Qxb6
axb6 9. e4 b5 10. e5 Nd5 11. Nxd5 cxd5 12. g3 Nc6 13. Bg2 Nb4 14. O-O Rxa2 15.
Rxa2 Nxa2 16. Ra1 Nb4 17. Ra5 O-O 18. Rxb5 Nd3 19. Bd2 Bd7 20. Rxb7 Bc6 21.
Rxe7 Nxb2 22. Rc7 Ba4 23. Ng5 h6 24. Nxf7 Bb3 25. Nxh6+ Kh7 26. Ng4 Kh8 27.
Bxd5 c3 28. Bxc3 Bxd5 29. Bxb2 Rb8 30. Rc2 Be4 31. Rd2 Rb4 32. f4 Rb3 33. Kh2
Kh7 34. Nf6+ Bxf6 35. exf6 Bd5 36. Rf2 Kh6 37. g4 Rd3 38. f5 g5 39. Kg1 Rd1+
40. Rf1 Rd2 41. Rf2 Rd1+ 42. Rf1 Rd2 43. Rb1 Rg2+ 44. Kf1 Rh2 45. Bc1 Rxh3 46.
Rb8 Kh7 47. Bxg5 Bc4+ 48. Kg2 Bf1+ 49. Kxf1 Rf3+ 50. Ke1 Re3+ 51. Kd1 Re1+ 52.
Kc2 Rc1+ 53. Kd3 Rc3+ 54. Ke4 Re3+ 55. Kd5 Re5+ 56. Kd6 Rd5+ 57. Ke7 Re5+ 58.
Kf8 Rd5 59. Rb7+ Kh8 60. Ke7 Rxd4 61. f7 Kh7 62. Ke6 Re4+ 63. Kd5 Rxg4 64.
f8=Q# 1-0

[Event "XIII Festival Marco Gerolamo Vida B"]
[Site "Vescovato ITA"]
[Date "2014.04.27"]
[Round "6"]
[White "Plucani, Germano"]
[Black "Leone, Cataldo"]
[WhiteElo "1410"]
[BlackElo "1588"]
[Result "1/2-1/2"]
[PlyCount "85"]
[EventDate "2014.04.25"]

1. d4 d5 2. Nf3 Nf6 3. e3 e6 4. Bd3 c5 5. c3 Nc6 6. Nbd2 cxd4 7. exd4 Bd6 8.
O-O Qc7 9. h3 O-O 10. Re1 Re8 11. Qc2 e5 12. dxe5 Nxe5 13. Nxe5 Bxe5 14. Nf3 h6
15. Nxe5 Rxe5 16. Rxe5 Qxe5 17. Be3 Be6 18. Bd4 Qg5 19. Be3 Qe5 20. Re1 Rc8 21.
Qe2 Qd6 22. Bd4 Qd8 23. Qf3 a6 24. Bxf6 Qxf6 25. Qxf6 gxf6 26. a3 Kg7 27. f4 f5
28. Kf2 Kf6 29. Kf3 Rd8 30. Ke3 Rg8 31. Kf2 h5 32. h4 Rg4 33. g3 Rg8 34. Rd1
Ke7 35. Be2 Rh8 36. Bf3 Kd6 37. c4 Rc8 38. b3 b5 39. cxd5 Bd7 40. b4 f6 41. Ke3
Be8 42. Rd3 Bf7 43. Kd2 1/2-1/2

[Event "XIII Festival Marco Gerolamo Vida B"]
[Site "Vescovato ITA"]
[Date "2014.04.27"]
[Round "6"]
[White "Raimondi, Celso"]
[Black "Brugaletta, Giorgio"]
[WhiteElo "1667"]
[BlackElo "1750"]
[Result "0-1"]
[PlyCount "90"]
[EventDate "2014.04.25"]

1. d4 d5 2. c4 c6 3. Nc3 Nf6 4. Nf3 Bg4 5. Ne5 Bh5 6. Qb3 Qb6 7. Qd1 e6 8. c5
Qd8 9. Bg5 Be7 10. h3 Nbd7 11. Bf4 O-O 12. g4 Bg6 13. Nf3 Ne4 14. h4 Nxc3 15.
bxc3 Be4 16. Rh3 Bxf3 17. Rxf3 f6 18. Bg3 e5 19. dxe5 fxe5 20. Rxf8+ Qxf8 21.
g5 Bxc5 22. e4 Qf7 23. exd5 cxd5 24. Bg2 Nb6 25. Qf3 Qd7 26. Rd1 Rf8 27. Qd3 e4
28. Bxe4 Qe7 29. f3 dxe4 30. fxe4 Qf7 31. Qe2 Qf3 32. Qxf3 Rxf3 33. Rd8+ Rf8
34. Rxf8+ Kxf8 35. Ke2 g6 36. Be5 Nd7 37. Bd4 Kf7 38. Kf3 Ke6 39. Kg4 a6 40. h5
Bd6 41. hxg6 hxg6 42. Kf3 Ne5+ 43. Kf4 b5 44. a3 Nf7+ 45. Kg4 Bxa3 0-1

[Event "XIII Festival Marco Gerolamo Vida B"]
[Site "Vescovato ITA"]
[Date "2014.04.27"]
[Round "6"]
[White "Rizzi, Pietro"]
[Black "Zordan, Giovanni"]
[WhiteElo "1597"]
[BlackElo "1691"]
[Result "1/2-1/2"]
[PlyCount "142"]
[EventDate "2014.04.25"]

1. e4 e5 2. Nf3 Nc6 3. Bb5 Nge7 4. O-O d6 5. d3 Bg4 6. Be3 g6 7. Nbd2 Bg7 8. c3
O-O 9. h3 Bxf3 10. Nxf3 h6 11. b4 a6 12. Bxc6 Nxc6 13. d4 d5 14. exd5 Qxd5 15.
dxe5 Qxd1 16. Raxd1 Nxe5 17. Nxe5 Bxe5 18. Bxh6 Rfd8 19. c4 Rd4 20. Rxd4 Bxd4
21. Rd1 Be5 22. Be3 b6 23. c5 b5 24. f4 Bc3 25. a3 Re8 26. Kf2 Bb2 27. Bc1 Bc3
28. Rd3 Bf6 29. g4 Bh4+ 30. Kf3 Re1 31. Be3 Ra1 32. g5 Kf8 33. Rd7 Rxa3 34.
Rxc7 Be1 35. Ke2 Bxb4 36. c6 Bd6 37. Rb7 Rc3 38. Rb6 a5 39. Rxb5 Rxc6 40. Rxa5
Rc2+ 41. Kf3 Rc3 42. Ke4 Rc4+ 43. Kd5 Rc3 44. Ke4 Bb4 45. Rb5 Bd6 46. Rd5 Ke7
47. Rb5 Ke6 48. Ra5 Rc4+ 49. Kf3 Rc3 50. Rb5 Rd3 51. Ra5 Rd1 52. Kg3 Bb4 53.
Ra6+ Kf5 54. Rb6 Be1+ 55. Kf3 Bc3 56. Rb5+ Ke6 57. Rb6+ Rd6 58. Rxd6+ Kxd6 59.
Ke4 Ke6 60. Bc1 f5+ 61. gxf6 Kxf6 62. Be3 Be1 63. Bd4+ Ke6 64. Be3 Bh4 65. Bd2
Kf7 66. Bc3 Kg8 67. Bd2 Kh7 68. Kf3 Bf6 69. Kg4 Kg7 70. f5 gxf5+ 71. Kxf5 Bd8
1/2-1/2

[Event "XIII Festival Marco Gerolamo Vida B"]
[Site "Vescovato ITA"]
[Date "2014.04.27"]
[Round "6"]
[White "Takahashi, Saera"]
[Black "Barbisotti, Fabio"]
[WhiteElo "1474"]
[BlackElo "1503"]
[Result "0-1"]
[PlyCount "98"]
[EventDate "2014.04.25"]

1. Nf3 d6 2. g3 Nf6 3. Bg2 e5 4. O-O Be7 5. c3 O-O 6. Qc2 Be6 7. d3 c6 8. Nbd2
Nbd7 9. e4 b5 10. Re1 Qb6 11. h3 Rfc8 12. Nh2 c5 13. Ndf3 a5 14. Be3 Qc7 15.
Ng5 Nf8 16. Nxe6 Nxe6 17. Nf3 b4 18. cxb4 axb4 19. b3 Ra6 20. Bg5 Ne8 21. h4
Bxg5 22. Nxg5 Qe7 23. Bh3 N8c7 24. Qc4 Rca8 25. Nxe6 Nxe6 26. Re2 Nd4 27. Rb2
Qf6 28. Bg2 Qe6 29. f4 Qxc4 30. dxc4 f6 31. Kf2 Ra3 32. Rd1 Rxa2 33. Rxa2 Rxa2+
34. Kf1 Ra3 35. Rd3 Rxb3 36. Rxb3 Nxb3 37. Ke1 Kf7 38. Kd1 Nd4 39. f5 g6 40. g4
Ke7 41. fxg6 hxg6 42. h5 gxh5 43. gxh5 Kf7 44. Bf1 Kg7 45. Bh3 Kh6 46. Bg4 Kg5
47. Kc1 f5 48. exf5 Nxf5 49. Bxf5 Kxf5 0-1

[Event "VII Open Basso Veronese"]
[Site "Casaleone ITA"]
[Date "2014.05.16"]
[Round "1"]
[White "Belloni, Umberto"]
[Black "Ljubisavljevic, Zivojin Z."]
[WhiteElo "1757"]
[BlackElo "2128"]
[Result "0-1"]
[PlyCount "70"]
[EventDate "2014.05.16"]

1. d4 Nf6 2. c3 d5 3. Bf4 c6 4. Nd2 Bf5 5. e3 Qb6 6. b4 e6 7. a3 a5 8. Be2 Be7
9. Bxb8 Rxb8 10. f4 Ne4 11. Nxe4 Bxe4 12. Nf3 O-O 13. O-O Qc7 14. Bd3 Bxd3 15.
Qxd3 Ra8 16. Rfc1 Ra7 17. h4 Rfa8 18. b5 c5 19. a4 b6 20. g3 f6 21. h5 Bd6 22.
Rd1 Qf7 23. g4 Rc7 24. Rac1 cxd4 25. cxd4 Rac8 26. Rxc7 Qxc7 27. g5 Qc2 28. Qf1
Qxa4 29. gxf6 gxf6 30. Rd2 Kf7 31. Rg2 Qa3 32. Re2 Rc1 33. Ne1 Qa1 34. Kf2 Bb4
35. h6 Rxe1 0-1

[Event "VII Open Basso Veronese"]
[Site "Casaleone ITA"]
[Date "2014.05.16"]
[Round "1"]
[White "Bertani, Gianfranco"]
[Black "Adami, Antonio"]
[WhiteElo "2048"]
[BlackElo "1746"]
[Result "1-0"]
[PlyCount "83"]
[EventDate "2014.05.16"]

1. d4 Nf6 2. e3 g6 3. Bd3 Bg7 4. f4 O-O 5. Nf3 d6 6. O-O c5 7. c3 Qb6 8. Nbd2
Nc6 9. Qe2 a6 10. Nc4 Qc7 11. a4 Na5 12. Bd2 Bg4 13. Nxa5 Qxa5 14. h3 Bxf3 15.
Qxf3 Qb6 16. Rab1 Qb3 17. Rfc1 Rab8 18. Bc2 Qd5 19. e4 Qc6 20. d5 Qc7 21. c4 b5
22. axb5 axb5 23. cxb5 Rxb5 24. Ba4 Rb7 25. b4 Nd7 26. Bc6 Ra7 27. Be3 Ra3 28.
e5 Rb8 29. bxc5 Nxc5 30. Qe2 Rxb1 31. Rxb1 Qa7 32. Bd4 Ra2 33. Qc4 Ra5 34. Rb7
Ra4 35. Qb5 Qa5 36. Qxa5 Rxa5 37. Rxe7 dxe5 38. Re8+ Bf8 39. Bxe5 Nd3 40. d6
Nxe5 41. fxe5 Rxe5 42. d7 1-0

[Event "VII Open Basso Veronese"]
[Site "Casaleone ITA"]
[Date "2014.05.16"]
[Round "1"]
[White "Binder, Andrea"]
[Black "Jirillo, Antonio"]
[WhiteElo "1862"]
[BlackElo "1591"]
[Result "1-0"]
[PlyCount "85"]
[EventDate "2014.05.16"]

1. e4 Nf6 2. d3 d6 3. g3 e5 4. Bg2 Nc6 5. Nf3 Be7 6. O-O Bg4 7. h3 Bxf3 8. Bxf3
Qd7 9. Bg2 O-O 10. Nd2 Nd4 11. c3 Ne6 12. Nc4 Rad8 13. a4 c6 14. a5 Qc7 15. Qe2
d5 16. exd5 Nxd5 17. Nxe5 Bf6 18. Ng4 Be7 19. d4 Nf6 20. Nxf6+ Bxf6 21. Qf3 Qd7
22. a6 b6 23. Qxc6 Qxc6 24. Bxc6 Rd6 25. Bg2 Bg5 26. Bxg5 Nxg5 27. f4 Ne6 28.
f5 Nc7 29. Rfe1 b5 30. Re7 Nd5 31. Rxa7 b4 32. Bxd5 Rxd5 33. Rb7 bxc3 34. bxc3
Rdd8 35. a7 Ra8 36. Kf2 g6 37. f6 Rfe8 38. d5 h5 39. d6 Kf8 40. d7 Red8 41. Rc7
Kg8 42. Rc8 Kh7 43. Rxd8 1-0

[Event "VII Open Basso Veronese"]
[Site "Casaleone ITA"]
[Date "2014.05.16"]
[Round "1"]
[White "Coratella, Giuseppe"]
[Black "Negro, Raffaele"]
[WhiteElo "2207"]
[BlackElo "1808"]
[Result "1-0"]
[PlyCount "77"]
[EventDate "2014.05.16"]

1. e4 g6 2. d4 Bg7 3. Nc3 a6 4. Be3 b5 5. Qd2 Bb7 6. f3 d6 7. O-O-O Nd7 8. h4
h6 9. Nh3 e6 10. Nf2 Ne7 11. h5 g5 12. g3 Nb6 13. f4 f6 14. b3 Bc6 15. Bh3 Bd7
16. Rhf1 O-O 17. d5 exd5 18. Bxb6 cxb6 19. Bxd7 Qxd7 20. Nxd5 Rad8 21. Nxe7+
Qxe7 22. Qd5+ Kh8 23. f5 Qe5 24. Qxe5 dxe5 25. Rxd8 Rxd8 26. Rd1 Rxd1+ 27. Nxd1
Bf8 28. Ne3 Be7 29. Nd5 Bd8 30. Nb4 a5 31. Nc6 Bc7 32. Na7 b4 33. Nb5 Bd8 34.
Kd2 Be7 35. g4 Kg8 36. Kd3 Bc5 37. Kc4 Kf7 38. Kd5 Ke7 39. Kc6 1-0

[Event "VII Open Basso Veronese"]
[Site "Casaleone ITA"]
[Date "2014.05.16"]
[Round "1"]
[White "De Bortoli, Francesco"]
[Black "Omeri, Silvan"]
[WhiteElo "1793"]
[BlackElo "2186"]
[Result "0-1"]
[PlyCount "98"]
[EventDate "2014.05.16"]

1. e4 c5 2. Nf3 d6 3. d4 cxd4 4. Nxd4 Nf6 5. Nc3 g6 6. Bg5 Nbd7 7. Qd2 a6 8.
O-O-O b5 9. f3 Bb7 10. Bh6 Bxh6 11. Qxh6 Rc8 12. Kb1 Rxc3 13. bxc3 Qc7 14. c4
bxc4 15. c3 e5 16. Nc2 Ke7 17. Ne3 Nb6 18. Kc2 Qc5 19. Rb1 Bc6 20. Rxb6 Qxb6
21. Bxc4 Rb8 22. Bb3 a5 23. Qg7 Rf8 24. Kd3 Qc5 25. Rb1 Nh5 26. Qh6 Nf4+ 27.
Kd2 a4 28. Qh4+ Kd7 29. Bc4 Qxe3+ 30. Kxe3 Nxg2+ 31. Kf2 Nxh4 32. Kg3 Nxf3 33.
Kxf3 f5 34. Ke3 Bxe4 35. Bb5+ Bc6 36. Bxc6+ Kxc6 37. Rb4 Ra8 38. a3 Kc5 39. Kd3
f4 40. Ke4 g5 41. Rb7 h5 42. Rc7+ Kb5 43. Kd5 f3 44. Rb7+ Ka6 45. Rf7 g4 46.
Kxd6 e4 47. Kc6 Rc8+ 48. Kd5 e3 49. Kd4 e2 0-1

[Event "VII Open Basso Veronese"]
[Site "Casaleone ITA"]
[Date "2014.05.16"]
[Round "1"]
[White "Guerra, Alessandro"]
[Black "Bonini, Roberto"]
[WhiteElo "2214"]
[BlackElo "1859"]
[Result "1/2-1/2"]
[PlyCount "70"]
[EventDate "2014.05.16"]

1. e4 c5 2. Nc3 d6 3. Nf3 Nc6 4. Bb5 Nf6 5. e5 dxe5 6. Nxe5 Qd6 7. Qe2 Bd7 8.
Nxd7 Qxd7 9. O-O a6 10. Bxc6 Qxc6 11. d3 e6 12. f4 O-O-O 13. a4 c4 14. dxc4
Bc5+ 15. Kh1 h5 16. Qf3 Qxf3 17. gxf3 Rd7 18. Rb1 Bb4 19. Ne2 Bd2 20. b4 h4 21.
Bb2 Nh5 22. Rg1 Nxf4 23. Nxf4 Bxf4 24. Rxg7 Rd2 25. Rg2 Rhd8 26. Bc3 h3 27.
Rxd2 Bxd2 28. Bf6 Rd7 29. b5 axb5 30. axb5 Bf4 31. Bc3 Rc7 32. Rb4 Rd7 33. Rb1
Rc7 34. Rb4 Rd7 35. Rb1 Rc7 1/2-1/2

[Event "VII Open Basso Veronese"]
[Site "Casaleone ITA"]
[Date "2014.05.16"]
[Round "1"]
[White "Magnabosco, Mauro Denis"]
[Black "Luciani, Valerio"]
[WhiteElo "1815"]
[BlackElo "2213"]
[Result "1-0"]
[PlyCount "71"]
[EventDate "2014.05.16"]

1. c4 e5 2. g3 d6 3. Bg2 f5 4. d3 Nf6 5. Nc3 Be7 6. Nf3 c5 7. Bg5 O-O 8. O-O
Nc6 9. Bxf6 Bxf6 10. Nd5 Be6 11. Nd2 Qd7 12. Rb1 Bd8 13. e3 Rb8 14. a3 b5 15.
b4 cxb4 16. axb4 Ne7 17. e4 Bxd5 18. exd5 Bb6 19. Qb3 Kh8 20. Bh3 g5 21. Bg2
Ng6 22. Qc3 Rbc8 23. Nb3 Qc7 24. Rfc1 Kg8 25. c5 Qd8 26. Qa1 Bc7 27. Qxa7 g4
28. Qa6 Rb8 29. cxd6 Bxd6 30. Nc5 Rf7 31. Ne6 Qd7 32. Rc6 Bf8 33. Rb6 Rxb6 34.
Qxb6 Ne7 35. Nc5 Qd8 36. Qxd8 1-0

[Event "VII Open Basso Veronese"]
[Site "Casaleone ITA"]
[Date "2014.05.16"]
[Round "1"]
[White "Negro, Roberto"]
[Black "De Paoli, Emilio"]
[WhiteElo "2155"]
[BlackElo "1780"]
[Result "1-0"]
[PlyCount "89"]
[EventDate "2014.05.16"]

1. c4 c5 2. Nf3 Nf6 3. d4 cxd4 4. Nxd4 e5 5. Nb5 d5 6. cxd5 Bc5 7. N5c3 Bxf2+
8. Kxf2 Ng4+ 9. Ke1 Qf6 10. Ne4 Qg6 11. Nbc3 O-O 12. e3 Na6 13. h3 Nh6 14. Nf2
Bd7 15. Bxa6 bxa6 16. e4 f5 17. Bxh6 Qxh6 18. Qd2 Qh4 19. Kd1 Rad8 20. Kc2 fxe4
21. Nfxe4 Bf5 22. g4 Bg6 23. Rae1 Rc8 24. Kc1 Qd8 25. Kb1 Rc4 26. Ka1 Rd4 27.
Qg5 Qe8 28. Nd6 Qb8 29. Nf5 Rf4 30. Ne7+ Kh8 31. Nxg6+ hxg6 32. Qxe5 Qb4 33.
Qe7 Qb6 34. Qe6 Qb7 35. Rh2 R4f6 36. Qe3 Rf3 37. Qd2 Rb8 38. h4 Rg3 39. g5 Rd8
40. h5 gxh5 41. Rxh5+ Kg8 42. Qh2 Rxc3 43. Rh8+ Kf7 44. Qh5+ g6 45. Qh7# 1-0

[Event "VII Open Basso Veronese"]
[Site "Casaleone ITA"]
[Date "2014.05.16"]
[Round "1"]
[White "Oppici, Gabriele"]
[Black "Benetti, Lorenzo"]
[WhiteElo "1973"]
[BlackElo "1686"]
[Result "1-0"]
[PlyCount "57"]
[EventDate "2014.05.16"]

1. d4 f5 2. Nf3 d6 3. Bf4 Nf6 4. c4 g6 5. Nc3 Bg7 6. h3 O-O 7. e3 Nc6 8. d5 Nb8
9. Be2 e5 10. dxe6 Bxe6 11. O-O Qe7 12. Nd5 Nxd5 13. cxd5 Bf7 14. Qd2 Nd7 15.
Ng5 Nf6 16. Nxf7 Qxf7 17. Rfd1 Ne4 18. Qc2 Qe7 19. Rac1 Rfc8 20. Qb3 Rab8 21.
Rc2 Kh8 22. Rdc1 g5 23. Bh2 Bf6 24. Qa3 Qg7 25. f3 Nc5 26. b4 Nd7 27. Rxc7 Rxc7
28. Rxc7 Bb2 29. Qxa7 1-0

[Event "VII Open Basso Veronese"]
[Site "Casaleone ITA"]
[Date "2014.05.16"]
[Round "1"]
[White "Paler, Adrian"]
[Black "Pisani, Valerio"]
[WhiteElo "2012"]
[BlackElo "1722"]
[Result "1-0"]
[PlyCount "79"]
[EventDate "2014.05.16"]

1. e4 e6 2. d4 d5 3. Nd2 Nf6 4. e5 Nfd7 5. Bd3 c5 6. c3 Nc6 7. Ne2 Be7 8. Nf3
Nf8 9. h4 Bd7 10. Be3 Qb6 11. b3 cxd4 12. cxd4 Bb4+ 13. Kf1 Be7 14. g3 Nb4 15.
Bb1 Bb5 16. Kg2 Rc8 17. h5 h6 18. Qd2 Nh7 19. Nc3 O-O 20. a3 Na6 21. Qc2 f5 22.
exf6 Nxf6 23. Bxh6 Ne4 24. Bd2 Be2 25. Nxe2 Rxc2 26. Bxc2 e5 27. Be3 exd4 28.
Nexd4 Bc5 29. b4 Bxd4 30. Nxd4 Qf6 31. h6 g6 32. Rac1 Kh7 33. Bb3 Qf7 34. Rhe1
Nb8 35. Bf4 Nc6 36. Nxc6 bxc6 37. Rxe4 g5 38. Rce1 Qg6 39. Re7+ Kh8 40. Be5+
1-0